Loading...
Machine learning and data mining in pattern recognition : first international workshop, MLDM`99, Leipzig, Germany, September 16-18, 1999, proceedings /
| Corporate Author: | |
|---|---|
| Other Authors: | , |
| Format: | Printed Book |
| Language: | English |
| Published: |
Berlin ; New York :
Springer,
c1999.
|
| Series: | Lecture notes in computer science ;
1715. Lecture notes in computer science. DCSLecture notes in artificial intelligence. |
| Subjects: | |
| Online Access: | Publisher description |
| LEADER | 01974cam a2200421ua 4500 | ||
|---|---|---|---|
| 001 | 11789268 | ||
| 005 | 20191212161838.0 | ||
| 008 | 160314s1999 DE b 101 0 eng | ||
| 010 | |a 99047725 | ||
| 020 | |a 3540665994 (softcover) | ||
| 040 | |a DLC |c DLC |d DLC | ||
| 041 | |a eng | ||
| 042 | |a pcc | ||
| 050 | 0 | 0 | |a Q327 |b .M56 1999 |
| 082 | |2 21 |a 006.312 | ||
| 111 | |a MLDM`99 |c Leipzig, Germany) |d (1999 : | ||
| 245 | |a Machine learning and data mining in pattern recognition : |b first international workshop, MLDM`99, Leipzig, Germany, September 16-18, 1999, proceedings / |c Petra Perner, Maria Petrou (eds.). |h Textual Documents | ||
| 260 | |a Berlin ; |b Springer, |c c1999. |a New York : | ||
| 300 | |a viii, 215 p. : |b ill. ; |c 24 cm. | ||
| 490 | |a Lecture notes in computer science ; |v 1715. |a Lecture notes in artificial intelligence | ||
| 500 | |a Includes index. | ||
| 650 | |a Pattern perception |v Congresses. | ||
| 650 | 0 | |a Data mining |v Congresses. | |
| 650 | 0 | |a Image processing |v Congresses. | |
| 650 | 0 | |a Machine learning |v Congresses. | |
| 653 | |a Data Mining | ||
| 700 | |a Perner, Petra. | ||
| 700 | |a Petrou, Maria. | ||
| 830 | 0 | |a Lecture notes in computer science ; |v 1715. | |
| 830 | 0 | |a Lecture notes in computer science. |p DCSLecture notes in artificial intelligence. | |
| 852 | |t 1 |p DCS04327 |a R |b Reference |k 006.312 |f 00000 |c R |m MAC | ||
| 856 | 4 | 2 | |3 Publisher description |u http://www.loc.gov/catdir/enhancements/fy0816/99047725-d.html |
| 906 | |a 7 |b cbc |c orignew |d 1 |e ocip |f 19 |g y-gencatlg | ||
| 925 | 0 | |a acquire |b 2 shelf copies |x policy default | |
| 942 | |c BK | ||
| 955 | |a to ASCD pc02 09-15-99; jp43 09-15-99; jp99 09-21-99; jp14; to Dewey 09-22-99; aa01 09-23-99 |f jp43 2001-07-16 to sl; copy 1 added; jp99 to BCCD 07-19-01 |a ps06 2001-07-03 bk rec`d, to CIP ver. |a jp00 2001-07-09; CIP ver. | ||
| 999 | |c 240745 |d 240745 | ||
| 952 | |0 0 |1 0 |4 0 |6 006_312000000000000 |7 0 |9 255354 |a DCS |b DCS |c R |d 2019-12-12 |f 00000 |l 0 |m 0 |o 006.312 |p DCS04327 |r 2019-12-12 |t 1 |w 2019-12-12 |y BK | ||